000 00723nam a2200241 i 4500
003 PPAK
005 20250715150921.0
008 250715s2023 my a g 000 f may d
020 _a9789671448182
_qpaperback
040 _aPPAK
_beng
_cPPAK
_erda
082 0 4 _223
_a899.2333
090 0 0 _a899.2333
_bMOH
_dG
100 0 _aMohamad Kholid Hamzah,
_eauthor.
245 1 0 _aGelora MUSIM RUSUH II /
_cMOHAMAD KHOLID HAMZAH
264 1 _aSelangor :
_bMohamad Kholid Hamzah,
_c2023
300 _a146 pages ;
_c18 cm
336 _atext
_2rdacontent
337 _aunmediated
_2rdamedia
338 _avolume
_2rdacarrier
650 1 0 _aMalaysian fiction (Malay)
650 2 0 _aMalay fiction
942 _2ddc
_cB
999 _c199991
_d199991